[Event "WWRR IM 2020"]
[Site "Wachtebeke"]
[Date "2020.02.22"]
[Round "1.1"]
[White "De Ruiter, Danny"]
[Black "Dgebuadze, Alexandre"]
[Result "1/2-1/2"]
[WhiteElo "2265"]
[BlackElo "2485"]
[Annotator "TA"]
[PlyCount "45"]
[EventDate "2020.02.22"]
[EventType "tourn"]
[EventCountry "BEL"]
[SourceTitle "playchess.com"]
[Source "ChessBase"]
[SourceQuality "1"]

{[%evp 12,45,64,-4,8,7,4,-45,-54,-54,-20,-14,-18,-19,0,0,0,-34,-45,-70,-54,-75,-89,-110,-97,-160,0,0,0,0,0,0,0,0,0,0]} 1. d4 e6 2. Nf3 d5 3. c4 c6 4. Nc3 dxc4 5. a4 Bb4 6. e3 b5 7. Be2 (7. Bd2 $14) 7... Nf6 {D31: Queen's Gambit Declined: Semi-Slav without ...Nf6 (+ Marshall Gambit and Noteboom) and Exchange Variation lines without ...Nf6.} 8. O-O O-O 9. Ne5 Bb7 {Black is slightly better.} 10. Bd2 Nbd7 {[#]} 11. Nxb5 $146 {[%cal Bc3b5,Bb5d6,Bd6b7][%mdl 32]} ({Predecessor:} 11. f4 a6 12. Bf3 Qb6 13. Nxd7 Nxd7 14. b3 c5 15. Bxb7 Qxb7 16. axb5 axb5 17. bxc4 Rxa1 18. Qxa1 cxd4 19. exd4 bxc4 {0-1 (36) Opsahl,H-Gudmundsson,J Buenos Aires 1939}) 11... Bxd2 12. Nd6 {[%mdl 64] [#] Double Attack} c3 (12... Qb8 {is more complex.} 13. Nxb7 Bb4 14. Nxd7 Nxd7 15. Nc5 Bxc5 16. dxc5 Nxc5 17. Bxc4 Qxb2 18. Rb1 Qc3) 13. Nxb7 Qc7 14. bxc3 (14. Nxd7 {with more complications.} Nxd7 15. Rb1 Rab8 16. bxc3 Bxe3 17. fxe3 Rxb7 18. Rxb7 Qxb7 19. Qd3) 14... Nxe5 15. dxe5 Bxc3 {[%mdl 64] [#] Double Attack} 16. exf6 Bxa1 17. Qxa1 Qxb7 18. Qe5 (18. fxg7 $142 Rfd8 19. Qf6) 18... gxf6 $2 (18... g6 $17 {Hoping for ...Rab8.} 19. Bf3 Rac8) 19. Qxf6 $11 {The position is equal.} Rae8 20. Qg5+ Kh8 21. Qf6+ Kg8 22. Qg5+ Kh8 23. Qf6+ {Accuracy: White = 62%, Black = 83%.} 1/2-1/2

[Event "WWRR IM 2020"]
[Site "Wachtebeke"]
[Date "2020.02.22"]
[Round "1.2"]
[White "Huynh, Laurent"]
[Black "Grochal, Joey"]
[Result "0-1"]
[WhiteElo "2273"]
[BlackElo "2303"]
[Annotator "TA"]
[PlyCount "60"]
[EventDate "2020.02.22"]
[EventType "tourn"]
[EventCountry "BEL"]
[SourceTitle "playchess.com"]
[Source "ChessBase"]
[SourceQuality "1"]

{[%evp 10,60,41,30,52,39,56,29,43,18,53,11,13,0,17,-3,49,-39,-47,-45,-8,-12,0,-20,-7,-59,-50,-30,85,93,91,97,50,60,49,48,41,-94,-14,-158,-145,-281,-277,-518,-490,-581,-573,-1427,-1410,-1373,-1239,-29988,-29989]} 1. e4 c5 2. Nf3 e6 3. d4 cxd4 4. Nxd4 Nc6 5. Nc3 Qc7 6. f4 Nxd4 {B47: Sicilian: Taimanov: 5 Nc3 Qc7 6 f4, 6 g3 and 6 Be2.} 7. Qxd4 b6 8. Bd2 Bb7 {White has an edge.} 9. Bd3 (9. Nb5 {with more complications.} Qc6 10. Bb4 Nf6 11. Bxf8 Kxf8 12. e5) 9... a6 {[#]} 10. Qe3 $146 (10. b4 {is interesting.} Ne7 11. a3 Nc6 12. Qf2 Be7 13. O-O) ({Predecessor:} 10. Qf2 b5 11. e5 f5 12. O-O-O Bc5 13. Be3 Rc8 14. Bxc5 Qxc5 {0-1 (37) Justesen,A (2209)-Van Damme,L (2265) ICCF email 2009}) 10... b5 11. a3 Nf6 12. Qe2 d5 (12... Be7 $11) 13. O-O-O (13. exd5 $14 Nxd5 14. f5) 13... d4 $15 14. Na2 Nd7 15. Kb1 Nc5 16. Rhf1 Be7 17. Nc1 ({White should try} 17. Bb4 $11) 17... O-O 18. Nb3 Qd7 (18... Nxd3 $11 {keeps the balance.} 19. cxd3 a5) 19. Nxc5 $16 Bxc5 20. g4 Bc6 21. g5 a5 22. f5 b4 $1 {[%cal Rb4a3,Bb5b4,Bb4b3][%mdl 32]} 23. f6 (23. g6 $14 {keeps the upper hand.} hxg6 24. fxg6 fxg6 25. Rxf8+ Rxf8 26. axb4 axb4 27. Bc4) 23... g6 (23... bxa3 $17 {Threatens to win with ...Rfb8.} 24. b3 g6) 24. Qe1 (24. a4 $11) 24... Rfb8 $17 25. a4 (25. Ka2 $17) 25... Bxa4 $19 26. Rf3 $2 {[#]} (26. Bf4 Rc8 27. Bc4) 26... b3 27. c3 Bb5 {Hoping for ...Bxd3+.} 28. Bf4 Bxd3+ 29. Rfxd3 {[#]} Qa4 $1 {[%mdl 512] ( -> ...Qa2+)} 30. Qh4 dxc3 {Accuracy: White = 29%, Black = 79%.} 0-1

[Event "WWRR IM 2020"]
[Site "Wachtebeke"]
[Date "2020.02.22"]
[Round "1.3"]
[White "De Rover, Yong Hoon"]
[Black "Defromont, Benjamin"]
[Result "1-0"]
[WhiteElo "2370"]
[BlackElo "2263"]
[Annotator "TA"]
[PlyCount "65"]
[EventDate "2020.02.22"]
[EventType "tourn"]
[EventCountry "BEL"]
[SourceTitle "playchess.com"]
[Source "ChessBase"]
[SourceQuality "1"]

{[%evp 12,65,22,22,19,16,19,28,25,15,18,19,21,19,22,0,5,0,0,0,2,15,13,0,32,30,0,-13,65,56,58,56,32,39,215,190,785,550,550,549,548,548,686,683,661,643,995,990,2523,2000,4818,4818,4790,2183,5293,1756]} 1. Nf3 Nf6 2. c4 e6 3. g3 d5 4. Bg2 Be7 5. O-O O-O 6. d4 dxc4 7. Qc2 b6 {E05: Open Catalan: 5 Nf3 Be7.} 8. Ne5 Qxd4 9. Bxa8 {[#] And now Bf4 would win.} Qxe5 {White has an edge.} 10. Bf3 Nd5 11. Qxc4 Ba6 12. Qa4 c5 13. Rd1 Bf6 {[#]} ({Much worse is} 13... Bxe2 $6 14. Re1 $16) 14. Nc3 $146 ({Predecessor:} 14. Na3 Bxe2 15. Bxe2 Qxe2 16. Qc2 Qh5 17. Bd2 Nc6 18. Bc3 Bxc3 19. bxc3 Ne5 20. c4 {0-1 (62) Erigaisi,A (2517)-Kravtsiv,M (2654) Abu Dhabi 2018}) 14... Nxc3 15. bxc3 {Black must now prevent Bf4.} Bxe2 16. Bxe2 Qxe2 17. Bd2 Qa6 (17... h5 {is interesting.} 18. h4 b5 19. Qxa7 Rd8 20. Qxc5 Rd3) 18. Qxa6 Nxa6 19. Rab1 Nc7 (19... c4 $11) 20. c4 Bd4 21. a4 {[%cal Ba2a4,Ba4a5][%mdl 32]} Rb8 22. a5 b5 $2 {Now Black is done in.} (22... e5 $14) 23. cxb5 Rxb5 $2 (23... Nd5 24. Bf4 Nxf4 25. gxf4 Kf8) 24. Bf4 {White is clearly winning.} Rxb1 25. Rxb1 $18 {[%mdl 4096] Endgame Intending Rb8+ and mate. KRB-KBN} Na6 26. Rb7 g5 27. Rxa7 Nb4 28. Bxg5 c4 29. Rc7 c3 30. Bh6 {[%cal Rc7c8]} f5 31. Rc4 Nc2 32. a6 e5 {[#]} 33. Rxd4 $1 {[%mdl 576] Promotion. Accuracy: White = 97%, Black = 45%.} 1-0

[Event "WWRR IM 2020"]
[Site "Wachtebeke"]
[Date "2020.02.22"]
[Round "1.4"]
[White "Beukema, Jasper"]
[Black "Hautot, Stephane"]
[Result "1/2-1/2"]
[WhiteElo "2329"]
[BlackElo "2322"]
[Annotator "TA"]
[PlyCount "34"]
[EventDate "2020.02.22"]
[EventType "tourn"]
[EventCountry "BEL"]
[SourceTitle "playchess.com"]
[Source "ChessBase"]
[SourceQuality "1"]

{[%evp 9,34,39,52,48,34,38,58,-41,-46,-58,0,0,0,0,0,0,0,0,3,6,6,4,4,5,4,5,9]} 1. e4 d6 2. d4 Nf6 3. Nc3 e5 4. Nge2 Nc6 5. h3 g6 6. Be3 {B07: Pirc Defence: Miscellaneous Systems.} Bg7 7. Qd2 O-O 8. g4 {[#]} (8. d5 $14 Ne7 9. g4) 8... d5 $146 ({Predecessor:} 8... a6 9. Bg2 b5 10. a3 exd4 11. Nxd4 Ne5 12. b3 Bb7 13. O-O Re8 14. Bg5 Qc8 {½-½ (84) Knuedel,T (2044)-Koellner,R (2290) Willingen 2019}) 9. O-O-O exd4 ({Of course not} 9... dxe4 10. d5 $11) (9... Nxe4 $15 10. Nxe4 dxe4) 10. Nxd4 $11 {The position is equal.} Nxd4 11. Bxd4 Nxe4 12. Nxe4 dxe4 13. Bc4 Qxd4 14. Qxd4 Bxd4 15. Rxd4 Re8 16. Re1 Kf8 17. Rexe4 Rxe4 {Accuracy: White = 78%, Black = 89%.} 1/2-1/2

[Event "WWRR IM 2020"]
[Site "Wachtebeke"]
[Date "2020.02.22"]
[Round "1.5"]
[White "Risting, Eivind Olav"]
[Black "Blom, Vincent"]
[Result "1/2-1/2"]
[WhiteElo "2289"]
[BlackElo "2308"]
[Annotator "TA"]
[PlyCount "57"]
[EventDate "2020.02.22"]
[EventType "tourn"]
[EventCountry "BEL"]
[SourceTitle "playchess.com"]
[Source "ChessBase"]
[SourceQuality "1"]

{[%evp 18,57,40,21,27,22,21,22,24,22,31,6,30,0,39,0,0,0,1,0,20,23,20,20,24,16,31,4,7,7,0,0,3,0,0,1,19,0,0,0,34,0]} 1. d4 Nf6 2. c4 e6 3. Nf3 Bb4+ 4. Bd2 Qe7 5. g3 O-O 6. Bg2 Ne4 7. O-O Nxd2 8. Nbxd2 Bxd2 9. Qxd2 d6 10. Qc3 Nd7 {E11: Bogo-Indian.} 11. e4 e5 12. Rfe1 a5 {[#] The position is equal.} 13. b3 $146 ({Predecessor:} 13. Rad1 Re8 14. Bh3 b6 15. b3 Nf8 16. Bxc8 Raxc8 17. a3 c5 18. d5 Qd7 19. Rb1 {1-0 (38) Cvitan,O (2575)-Lovric,B (2275) Pula 1993}) 13... c5 14. dxe5 Nxe5 15. Nd2 Nc6 16. f4 a4 17. e5 Nd4 18. Nf3 axb3 {[#] White must now prevent ...Nc2.} 19. Nxd4 cxd4 20. Qxb3 dxe5 21. Rxe5 Qa3 22. Rd1 (22. Qxa3 {feels hotter.} Rxa3 23. Rd5 Rd3 24. c5 g6 25. a4) 22... Qxa2 23. Qxa2 Rxa2 24. Rxd4 Ra4 25. f5 Ra1+ 26. Kf2 Ra2+ 27. Kg1 Ra1+ 28. Kf2 Ra2+ 29. Kg1 {Not much happened in this game. Accuracy: White = 64%, Black = 93%.} 1/2-1/2

[Event "WWRR IM 2020"]
[Site "Wachtebeke"]
[Date "2020.02.22"]
[Round "2.1"]
[White "Dgebuadze, Alexandre"]
[Black "Blom, Vincent"]
[Result "1/2-1/2"]
[WhiteElo "2485"]
[BlackElo "2308"]
[Annotator "TA"]
[PlyCount "41"]
[EventDate "2020.02.22"]
[EventType "tourn"]
[EventCountry "BEL"]
[SourceTitle "playchess.com"]
[Source "ChessBase"]
[SourceQuality "1"]

{[%evp 11,41,4,13,13,34,26,30,18,18,0,21,0,23,9,20,0,0,-21,-10,-11,-24,-24,9,-7,-7,0,0,-74,-45,-87,-82,-91]} 1. Nf3 Nf6 2. c4 b6 3. Nc3 Bb7 4. d4 e6 5. a3 d5 6. cxd5 exd5 7. Bf4 {E12: Queen's Indian: Unusual White 4th moves, 4 a3, 4 Nc3 Bb7 5 a3 and 4 Nc3 Bb7 .} a6 8. e3 Bd6 9. Bxd6 {White has an edge.} Qxd6 10. Ne5 {[#]} Nbd7 $146 ({Predecessor:} 10... O-O 11. Bd3 c5 12. O-O c4 13. Bc2 b5 14. f4 Ne4 15. Nxe4 dxe4 16. f5 f6 {1-0 (38) Zilberman,N (2400)-Schneider,A Frunze 1983}) 11. f4 O-O 12. Bd3 c5 13. O-O b5 14. Rf3 cxd4 15. exd4 Ne4 16. Rh3 Nxe5 17. fxe5 Qb6 18. Bxe4 $1 dxe4 19. Kh1 {[#]} (19. Qd2 $11 {keeps the balance.}) 19... Rad8 $1 $17 20. d5 {[#]} Rfe8 $1 {[%cal Re8e5]} 21. Qh5 {Accuracy: White = 83%, Black = 92%.} 1/2-1/2

[Event "WWRR IM 2020"]
[Site "Wachtebeke"]
[Date "2020.02.22"]
[Round "2.2"]
[White "Hautot, Stephane"]
[Black "Risting, Eivind Olav"]
[Result "1/2-1/2"]
[WhiteElo "2322"]
[BlackElo "2289"]
[Annotator "TA"]
[PlyCount "59"]
[EventDate "2020.02.22"]
[EventType "tourn"]
[EventCountry "BEL"]
[SourceTitle "playchess.com"]
[Source "ChessBase"]
[SourceQuality "1"]

{[%evp 17,59,1,15,3,19,18,25,15,18,20,20,22,20,12,25,14,39,6,14,0,0,0,0,0,0,0,0,0,24,18,28,27,60,60,55,56,61,29,38,22,31,28,37,0]} 1. e4 c5 2. c4 Nc6 3. Nc3 g6 4. g3 Bg7 5. Bg2 e6 6. d3 d6 7. Nge2 Nge7 8. O-O O-O 9. Rb1 {Nowadays more popular than 9.Be3.} Nd4 10. b4 {A36: Symmetrical English vs ...g6: 4 Bg2 Bg7.} cxb4 11. Rxb4 {[#]} Qa5 $146 ({Predecessor:} 11... Nxe2+ 12. Nxe2 b6 13. Bb2 e5 14. f4 Bg4 15. h3 Bxe2 16. Qxe2 Nc6 17. Rb5 a6 {1-0 (94) Cabe,A (2224)-Pitica,S (2135) Cagliari 2018}) 12. Ra4 {White has an edge.} Nxe2+ 13. Nxe2 Qc7 14. Be3 Bd7 15. Rb4 (15. Rxa7 $2 Rxa7 16. Bxa7 b6 $19) 15... Rfb8 16. Qd2 b5 17. cxb5 Rxb5 18. Rc1 Qa5 19. Rcb1 {[#] Strongly threatening Rxb5.} Rxb4 20. Rxb4 {Threatens to win with Rb8+!} Qa6 21. d4 Nc6 22. Rb3 Rb8 23. Rxb8+ Nxb8 24. d5 Bb5 25. dxe6 fxe6 ({Don't go for} 25... Bxe2 $2 26. e7 $18) 26. Nd4 Bc4 27. Qb4 (27. Bh3 $5 {[%cal Rh3e6]} Bxd4 28. Qxd4 $14 (28. Bxd4 Nc6 $11)) 27... Nd7 28. a4 Bf8 29. Bh3 Nc5 30. Nb5 {Accuracy: White = 80%, Black = 95%.} 1/2-1/2

[Event "WWRR IM 2020"]
[Site "Wachtebeke"]
[Date "2020.02.22"]
[Round "2.3"]
[White "Defromont, Benjamin"]
[Black "Beukema, Jasper"]
[Result "0-1"]
[WhiteElo "2263"]
[BlackElo "2329"]
[Annotator "TA"]
[PlyCount "64"]
[EventDate "2020.02.22"]
[EventType "tourn"]
[EventCountry "BEL"]
[SourceTitle "playchess.com"]
[Source "ChessBase"]
[SourceQuality "1"]

{[%evp 9,64,8,44,43,68,68,100,21,69,56,71,65,70,70,74,64,97,65,68,35,41,40,47,50,45,52,29,31,86,0,0,0,-14,-73,-81,-644,-652,-633,-633,-616,-604,-688,-674,-1091,-1091,-1084,-1072,-5193,-530,-530,-530,-525,-529,-29989,-29989,-29989,-29990]} 1. d4 f5 2. Nf3 g6 3. h4 Nf6 4. Nc3 Bg7 5. Bf4 O-O 6. Qd2 {[#] A80: Dutch Defence: Unusual White second moves.} e6 $146 ({Predecessor:} 6... d6 7. O-O-O Qe8 8. Re1 Ne4 9. Nxe4 fxe4 10. Ng5 e5 11. dxe5 Bxe5 12. Qd5+ Kg7 13. Bxe5+ Qxe5 14. Qxe5+ dxe5 {0-1 (41) Nurmi,R (1651)-Siegfried,W ICCF email 2013}) 7. O-O-O d6 {[#]} 8. e3 (8. Bg5 $1 $16) 8... Qe7 9. Bd3 Nbd7 10. e4 fxe4 11. Nxe4 Nxe4 12. Bxe4 c5 13. c3 {And now dxc5 would win.} cxd4 14. cxd4 Nf6 15. Bc2 b6 16. Bg5 Bb7 17. h5 Rac8 {Strongly threatening ...Be4.} 18. Kb1 Qe8 ({Black should try} 18... gxh5 $14 19. Rc1 Qf7) 19. hxg6 (19. Bxf6 $16 Rxf6 20. hxg6) 19... Rxc2 $1 $11 20. gxh7+ (20. Kxc2 $2 {perishes.} Be4+ 21. Kc1 Qxg6 $19) 20... Kh8 $1 21. Kxc2 (21. Qxc2 $11 {keeps the balance.} Be4 22. Rd3) 21... Be4+ $17 {[%mdl 64] Double Attack} 22. Kb3 $2 {[%mdl 8192] This move loses the game for White.} (22. Kc1 $17 Qg6 23. Qf4) 22... Qb5+ $19 23. Qb4 {[#]} Bc2+ $1 {[%mdl 576] Deflection} 24. Kxc2 Qxb4 25. Nh4 {[%cal Rh4g6]} Kxh7 26. Nf5+ Kg6 27. Nxg7 Ne4 28. Nxe6 Rc8+ (28... Rxf2+ $142 29. Bd2 Nxd2) 29. Kb1 {intending Rh6+.} Nc3+ 30. Ka1 Nxd1 {[%csl Gd1][%cal Rb4b2]} 31. Rh6+ {[#]} Kf7 $1 {[%csl Gd1][%cal Rb4b2]} 32. Rf6+ Ke8 {Accuracy: White = 50%, Black = 67%.} 0-1

[Event "WWRR IM 2020"]
[Site "Wachtebeke"]
[Date "2020.02.22"]
[Round "2.4"]
[White "Grochal, Joey"]
[Black "De Rover, Yong Hoon"]
[Result "1-0"]
[WhiteElo "2303"]
[BlackElo "2370"]
[Annotator "TA"]
[PlyCount "69"]
[EventDate "2020.02.22"]
[EventType "tourn"]
[EventCountry "BEL"]
[SourceTitle "playchess.com"]
[Source "ChessBase"]
[SourceQuality "1"]

{[%evp 18,69,0,0,4,0,4,11,2,-4,21,8,6,-22,-24,-58,-64,-39,-30,-32,101,108,107,59,52,54,100,92,149,141,175,189,210,207,240,235,417,402,357,306,333,159,153,143,215,224,371,364,360,252,810,815,2471,2525]} 1. d4 d5 2. c4 c6 3. Nf3 Nf6 4. Nc3 dxc4 5. a4 Bf5 6. e3 e6 7. Bxc4 Bb4 8. O-O Nbd7 9. h3 O-O 10. Nh4 Nb6 {D18: Slav Defence: 5 a4 Bf5 6 e3.} 11. Bb3 Nbd5 12. Nxf5 exf5 {The position is equal.} 13. Bd2 Qa5 {[%cal Rd5c3]} 14. Rc1 {[#]} Ne7 $146 ({Predecessor:} 14... Nb6 15. Nb1 Ne4 16. Bxb4 Qxb4 17. Nc3 Rad8 18. Nxe4 fxe4 19. Rc5 g6 20. Qc2 Kg7 {1-0 (59) Morozevich,A (2659)-Nesterov,A (2482) Khanty-Mansiysk 2019}) 15. f3 Rad8 16. Nb1 Bxd2 17. Nxd2 Ned5 18. Re1 Nxe3 (18... g6 $15 {stays ahead.}) 19. Rxe3 $16 {aiming for Re5.} Rxd4 20. Rc2 Rfd8 $1 {[%cal Rd4d2]} 21. Rec3 Qe5 {...Qf4 is the strong threat.} 22. Qc1 Nh5 {[#]} ({Black should play} 22... Nd5 23. Bxd5 Qxd5) 23. Nf1 $1 Nf4 24. Re3 Qd6 25. Qe1 {Hoping for Re8+.} Kf8 26. Qa5 Qg6 $2 (26... g6 27. Qxa7 Rd7) 27. Qc5+ $18 R4d6 28. Qe5 {White wants to mate with Qe7+.} Qg5 {and the idea ...Nxh3+ leaves Black hopeful.} 29. Kh2 (29. h4 $18 {is the precise move to win.} Qxh4 30. g3) 29... Nd3 $16 30. Qc3 f4 (30... Qf4+ $16 31. Kh1 Qd4) 31. Re4 $18 a5 (31... b6 {might work better.} 32. Bc4 Nc5) 32. Rce2 R6d7 33. Bc2 {Strongly threatening Bxd3.} Rd5 $2 (33... Qc5 34. Qxc5+ Nxc5) 34. Bxd3 Rxd3 {[#]} 35. Qxd3 $1 {[%mdl 512] Accuracy: White = 70%, Black = 40%.} 1-0

[Event "WWRR IM 2020"]
[Site "Wachtebeke"]
[Date "2020.02.22"]
[Round "2.5"]
[White "De Ruiter, Danny"]
[Black "Huynh, Laurent"]
[Result "1/2-1/2"]
[WhiteElo "2265"]
[BlackElo "2273"]
[Annotator "TA"]
[PlyCount "42"]
[EventDate "2020.02.22"]
[EventType "tourn"]
[EventCountry "BEL"]
[SourceTitle "playchess.com"]
[Source "ChessBase"]
[SourceQuality "1"]

{[%evp 22,42,45,31,81,85,95,48,47,55,77,78,78,0,0,0,31,-50,-31,-17,-20,-20,23]} 1. d4 Nf6 2. c4 e6 3. Nf3 c5 4. d5 exd5 5. cxd5 d6 6. Nc3 g6 7. Bf4 Bg7 8. Qa4+ Bd7 9. Qb3 Qc7 10. e4 O-O 11. Nd2 Nh5 12. Be3 a6 {A70: Modern Benoni: 6 e4 g6 7 Nf3.} 13. a4 f5 {And now ...f4 would win.} 14. exf5 Bxf5 {White is slightly better.} 15. Be2 {g4 is the strong threat.} Nf6 {[#]} 16. h3 $1 Bc8 {[#]} 17. Nde4 $146 (17. O-O $16) ({Predecessor:} 17. Nc4 Nbd7 18. Bf4 Ne8 19. Bg3 Ndf6 20. O-O Bf5 21. Bf3 Rd8 22. Rad1 h6 23. Ne3 {½-½ (105) Deac,B (2276)-Zhou,C (1958) Al Ain 2013}) 17... Nxe4 $11 18. Nxe4 Nd7 19. Bg4 (19. O-O $14) 19... Ne5 20. Bxc8 Raxc8 21. O-O h6 1/2-1/2

[Event "WWRR IM 2020"]
[Site "Wachtebeke"]
[Date "2020.02.23"]
[Round "3.1"]
[White "Huynh, Laurent"]
[Black "Dgebuadze, Alexandre"]
[Result "0-1"]
[WhiteElo "2273"]
[BlackElo "2485"]
[Annotator "TA"]
[PlyCount "84"]
[EventDate "2020.02.22"]
[EventType "tourn"]
[EventCountry "BEL"]
[SourceTitle "playchess.com"]
[Source "ChessBase"]
[SourceQuality "1"]

{[%evp 9,84,47,63,57,52,22,45,28,20,0,-5,-3,20,-85,-90,-77,-80,-75,-80,-89,-71,-57,-62,-60,-40,-89,-93,-91,-94,-95,-112,-107,-99,-119,-106,-101,-111,-168,-166,-170,-164,-163,-162,-163,-153,-183,-170,-216,-224,-245,-268,-281,-250,-247,-211,-385,-400,-379,-374,-374,-376,-413,-399,-491,-471,-645,-652,-864,-891,-820,-802,-1118,-1110,-1319,-1217,-2118,-1943]} 1. e4 e6 2. d4 d5 3. Nd2 Ne7 4. Ngf3 Nd7 5. c3 g6 6. Bd3 {C03: French Tarrasch: Unusual Black 3rd moves.} Bg7 7. O-O O-O 8. Re1 {White is slightly better.} c5 9. Nf1 cxd4 10. Nxd4 {[#]} Nc5 $146 ({Predecessor:} 10... dxe4 11. Bxe4 e5 12. Nb5 Nc5 13. Bc2 Qb6 14. a4 Rd8 15. Qe2 a6 16. Na3 Be6 {0-1 (31) Guevara Sanchez,E (2186)-Davila,C (2348) Guatemala City 2001}) 11. Nb3 (11. e5 $1 $11 {keeps the balance.}) 11... Nxe4 $17 12. Bxe4 dxe4 13. Qxd8 Rxd8 14. Rxe4 Nc6 15. Re1 b6 16. Be3 Ba6 17. Rad1 Ne5 {Black continues to play with concentration.} 18. Rxd8+ Rxd8 19. Nfd2 Nd3 20. Rb1 f5 $36 {[%mdl 2048] [#] aiming for ...f4. Black is really pushing.} 21. f3 Kf7 22. g3 Rd5 23. Bd4 (23. a4 $17 {was worth a try.}) 23... Bh6 $19 {Hoping for ...e5.} 24. Nf1 e5 25. Be3 Bxe3+ 26. Nxe3 Rd7 27. Nf1 Bc4 28. Rd1 Ke6 29. Rd2 Ne1 30. Rf2 a5 31. Ne3 Ba6 32. a4 $2 (32. f4 {keeps fighting.}) 32... Rd3 33. Nc2 Nxc2 {[%mdl 64] [#] Overworked Piece} 34. Rxc2 Rxf3 {[%mdl 4096] Endgame KRB-KRN} 35. Kg2 Rd3 36. Nd2 g5 {Black is clearly winning.} 37. Nf1 f4 38. Kf2 e4 39. c4 Ke5 40. gxf4+ gxf4 41. Ke1 e3 42. h4 h5 {Accuracy: White = 43%, Black = 96%.} 0-1

[Event "WWRR IM 2020"]
[Site "Wachtebeke"]
[Date "2020.02.23"]
[Round "3.2"]
[White "De Rover, Yong Hoon"]
[Black "De Ruiter, Danny"]
[Result "1-0"]
[WhiteElo "2370"]
[BlackElo "2265"]
[Annotator "TA"]
[PlyCount "75"]
[EventDate "2020.02.22"]
[EventType "tourn"]
[EventCountry "BEL"]
[SourceTitle "playchess.com"]
[Source "ChessBase"]
[SourceQuality "1"]

{[%evp 9,74,21,22,16,23,0,6,-4,8,11,16,10,11,8,8,11,16,0,30,31,40,33,35,14,14,14,10,10,127,133,150,150,156,150,144,150,150,141,160,146,146,133,125,120,150,126,166,132,128,128,135,125,122,128,237,231,327,321,321,262,341,267,404,379,29996,29997,29999]} 1. d4 d5 2. Nf3 Nf6 3. Bg5 Ne4 4. Bf4 c6 5. Nbd2 Bf5 6. e3 {D03: 1 d4 d5 2 Nf3 Nf6 3 Bg5, including Torre Attack with early ...d5.} e6 7. Be2 (7. Nxe4 {feels hotter.} Bxe4 8. Bd3 Bxd3 9. Qxd3 Nd7 10. O-O) 7... Be7 8. O-O {The position is equal.} Nd7 9. Nxe4 Bxe4 10. Nd2 Bg6 11. c4 O-O 12. Qb3 Qb6 13. Rfc1 {[#]} Bf6 $146 ({Predecessor:} 13... Rfe8 14. h3 h6 15. Qxb6 axb6 16. a3 Bf6 17. Nf3 Be4 18. Bd6 dxc4 19. Rxc4 b5 {½-½ (38) Jacquin,R (2477)-Toro Solis de Ovando,G (2611) ICCF email 2005}) 14. cxd5 exd5 15. Bg4 Rfd8 16. a4 Be7 17. a5 $36 {[%mdl 2048] White has good play.} Qxb3 18. Nxb3 Nf6 {[#]} (18... a6 $11 {keeps the balance.}) 19. a6 $1 $16 {[%cal Ra6b7]} bxa6 20. Be2 Bd6 21. Bxd6 ({Of course not} 21. Rxa6 $6 Bxf4 22. exf4 Rdb8 $14) 21... Rxd6 22. Rxa6 Rb8 23. Rxa7 h6 24. Ra3 Rb6 25. f3 Rd8 26. Rc3 Ne8 27. Kf2 Nd6 28. Ra6 Rdb8 {[#]} 29. Rxb6 $1 ({But not} 29. Rxc6 $6 Rxb3 30. Rxd6 Rxb2 $15) 29... Rxb6 30. Ke1 Kf8 31. Kd1 Nc4 (31... Ke7 $16 {is a better defense.} 32. Kc1 Nb7) 32. Kc1 $18 ({Don't do} 32. Bxc4 $6 dxc4 33. Nd2 Rxb2 $16) 32... Rb4 (32... Nd6 $142 33. Na5 Nf5 34. Nxc6 f6) 33. Bxc4 $1 dxc4 34. Nc5 Ke7 35. Ra3 h5 (35... Bd3 {was called for.} 36. Ra7+ Kf8 37. Nd7+ Kg8) 36. e4 Kd6 $2 (36... Rb6 $18 37. Ra7+ Ke8) 37. Ra7 {[%csl Gc5][%cal Ra7d7]} f5 38. Rd7# {Accuracy: White = 96%, Black = 47%.} 1-0